1195 1732 1384 1469 1132 1906 1432 1643 1584 1794 1252 1826 1623 1973 1270 1677 1349 1045 1337 1856 1274 1673 1673 1450 1963 1281 1013 1102 1658 1354 1034 1394 1440 1116 1953 1247 1734 1934 1236 1663 1627 1413 1049 1276 1591 1636 1661 1008 1468 1879 1096 1649 1046 1236 1966 1481 1843 1233 1409 1600 1140 1625 1265 1903 1758 1154 1909 1684 1385 1237 1820 1944 1612 1555 1686 1020 1389 1627 1278 1388 1312 1890 1345 1174 1494 1081 1130 1976 1201 1763 1684 1714 1429 1728 1871 1743 1658 1403 1205 BCNSPRNW ULIB Ver.6.0+V

เปลี่ยนเป็นภาษาไทย

Change to English
 แสดงรายละเอียดบรรณานุกรม
  กลับหน้าหลัก

Brief Record : Get Marc (ISO 2709) : E-mail record : QR code < ปิดหน้าต่าง
LEADER : 00000nam 2200000uu 4500
001    13399120953
003     ULIB
008    121029s2550||||th 000 0 tha d
020    ^a9789741107742
060 04 ^aWD210^bบ787ร 2550
100 0  ^aเบ็ญจลักษณ์ ผลรัตน์
245 10 ^aโรคอ้วน :^bการเปลี่ยนแปลงทางด้านโภชนาการและชีวเคมี /^cเบ็ญจลักษณ์ ผลรัตน์, ปราณีต ผ่องแผ้ว, รังสรรค์ ตั้งตรงจิตร
250    ^aพิมพ์ครั้งที่ 1
260    ^aกรุงเทพฯ :^bภาควิชาโภชนศาสตร์เขตร้อนและวิทยาศาสตร์อาหารคณะเวชศาสตร์เขตร้อน มหาวิทยาลัยมหิดล,^c2550
300    ^a354 หน้า :^bภาพประกอบ ;^c27 ซม.
650  7 ^aโรคอ้วน
650  7 ^aโภชนาการ
700 0  ^aปราณีต ผ่องแผ้ว
700 0  ^aรังสรรค์ ตั้งตรงจิตร
710 2  ^aมหาวิทยาลัยมหิดล. ^bคณะเวชศาสตร์เขตร้อน.^bภาควิชาโภชนศาสตร์เขตร้อนและวิทยาศาสตร์อาหาร
945    ^p0^l0^i15069
945    ^p0^l0^i15068
995    ^aกัณชพร
999 ^a ใช้งานได้ทุกระบบ
รายการนี้ยังไม่มีแท็ก
คุณยังไม่ได้ล็อกอิน คุณสามารถมีกิจกรรมร่วมกับเว็บไซต์ได้ แต่ต้องล็อกอินก่อน ::
  ล็อกอิน

รายการสื่อสารสนเทศ

ลำดับที่ ประเภท เลขเรียก/บาร์โค้ด สถานที่ สถานะ
1. วิทยาศาสตร์การแพทย์ และสุขภาพ
วิทยาศาสตร์การแพทย์ และสุขภาพ
WD210 บ787ร 2550  
  Barcode: 15069
ห้องสมุดวิทยาเขตสวรรค์ประชารักษ์
►ส่วนจัดเก็บหนังสือเก่า สปร
บนชั้น
  ขอยืม
2. วิทยาศาสตร์การแพทย์ และสุขภาพ
วิทยาศาสตร์การแพทย์ และสุขภาพ
WD210 บ787ร 2550 ฉ.2 
  Barcode: 15068
ห้องสมุดวิทยาเขตสวรรค์ประชารักษ์
►ส่วนจัดเก็บหนังสือเก่า สปร
บนชั้น
  ขอยืม

รายการใกล้เคียง
    ผู้แต่ง [เบ็ญจลักษณ์ ผลรัตน์]

    หัวเรื่อง [โรคอ้วน]
    หัวเรื่อง [โภชนาการ]

BibComment


ยังไม่เคยถูกคอมเมนท์

คอมเมนท์ทรัพยากรรายการนี้
  คอมเมนท์: โรคอ้วน การเปลี..


 Copyright 2026. Bcnsprnw @Library